Histoire grecque (Record no. 164705)

MARC details
000 -LEADER
campo de control de longitud fija 00670nam a2200217 i 4500
001 - NÚMERO DE CONTROL
campo de control 164705
003 - IDENTIFICADOR DE NÚMERO DE CONTROL
campo de control ES-MaACL
005 - FECHA Y HORA DE LA ÚLTIMA TRANSACCIÓN
campo de control 20230906213002.0
008 - DATOS DE LONGITUD FIJA--INFORMACIÓN GENERAL
campo de control de longitud fija 170627s1906 fr a |||| | fre d
100 1# - ENTRADA PRINCIPAL--NOMBRE DE PERSONA
Nombre de persona Guiraud, Paul.
9 (RLIN) 60892
245 10 - MENCIÓN DEL TÍTULO
Título Histoire grecque
Resto del título : la vie privée et la vie publique des grecs /
Mención de responsabilidad, etc. Paul Guiraud.
250 ## - MENCION DE EDICION
Mención de edición 4e édition, revue.
260 ## - PUBLICACIÓN, DISTRIBUCIÓN, ETC.
Lugar de publicación, distribución, etc. Paris :
Nombre del editor, distribuidor, etc. Hachette,
Fecha de publicación, distribución, etc. 1906.
300 ## - DESCRIPCIÓN FÍSICA
Extensión XI, 570 p. ;
Dimensiones 18 cm.
490 1# - MENCIÓN DE SERIE
Mención de serie Lectures historiques
651 #4 - PUNTO DE ACCESO ADICIONAL DE MATERIA--NOMBRE GEOGRÁFICO
Nombre geográfico Grecia-
Subdivisión general Historia.
9 (RLIN) 8777
651 #4 - PUNTO DE ACCESO ADICIONAL DE MATERIA--NOMBRE GEOGRÁFICO
Nombre geográfico Grecia-
Subdivisión general Usos y costumbres.
9 (RLIN) 8786
830 0# - PUNTO DE ACCESO ADICIONAL DE SERIE-TÍTULO UNIFORME
Título uniforme Lectures historiques
9 (RLIN) 187766
852 ## - LOCALIZACIÓN
Ubicación ES-MaACL
Número de control de estantería B-2696
Holdings
Estatus retirado Estado de pérdida Estado de daño No para préstamo Biblioteca de origen Biblioteca actual Ubicación en estantería Fecha de adquisición Fuente de adquisición Total de préstamos Signatura topográfica completa Código de barras Visto por última vez Precio de reemplazo Tipo de ítem Koha
        Biblioteca del Ateneo de Madrid Biblioteca del Ateneo de Madrid Sala Pardo Bazán 27/06/2017     B-2696 1197758 23/02/2023 23/02/2023 Libro impreso